Statistics for Top 10 chess players

Click here to take the quiz!

General Stats

  • This quiz has been taken 83 times
    (78 since last reset)
  • The average score is 5 of 11

Answer Stats

RatingAnswer% Correct
2841Carlsen
97%
2822Caruana
76%
2776Nakamura
66%
2782Giri
54%
2780So
45%
2792Kramnik
42%
2800Mamedyarov
32%
2797Ding Liren
27%
2779Vachier-Lagrave
26%
2773Karjakin
20%
2812Kasparov
16%

Score Distribution

Percentile by Number Answered

Percent of People with Each Score

Your Score History

You have not taken this quiz since the last reset